Pokemon: Geography - Statistics

General Stats
  • This quiz has been taken 854 times
  • The average score is 13 of 26
Answer Stats
Hint Answer % Correct
1st Region Kanto
98%
2nd Region Johto
96%
4th Region Sinnoh
95%
3rd Region Hoen
94%
6th Region Kalos
93%
5th Region Unova
93%
Before the Elite Four (all games) Victory Road
76%
Red Gyarados? Lake of Rage
66%
Home To Zapdos Power Plant
62%
Battle VS RED Mt. Silver
61%
Which Mountain divides Sinnoh? Mt. Coronet
53%
Wild Pokemon Reseve Safari Zone/Great Marsh
53%
Which Mountain do you receive the blue/red orb Mt. Pyre
47%
Home to Articuno Seafoam Islands
47%
A mountain with Twists! Twist Mountain
42%
Cave before Lavender twon Rock Tunnel
35%
Bagon's Location Meteor Falls
31%
Which Mountain has the Magma Hideout? Mt. Chimney
30%
Home to Moltres(Fire Red) Mt. Ember
25%
1st Steven Stone encounter Granite Cave
21%
Kyurem's home Giant Chasm
20%
B/W Desert Desert Resort
19%
Where did Team Aqua/Magma go with that sub? Sea Floor Cavern
17%
Umbrella Bay Undella Bay
16%
Where can I find Wulfric? Pokemon Village
15%
Shaymin's Domain Flower Paradise
13%
No matching quizzes found
Score Distribution
Percent of People with Each Score
Percentile by Number Answered
Your Score History
You have not taken this quiz